| 000 | 00542nam a22001937a 4500 | ||
|---|---|---|---|
| 003 | KOHA_MİRAKIL | ||
| 005 | 20251021162043.0 | ||
| 008 | 251021b tu ||||| |||| 00| 0 tur d | ||
| 020 | _a9786056199516 | ||
| 040 |
_aTR-AnABB _btur _cTR-AnABB |
||
| 041 | _atur | ||
| 082 |
_a297.1 _bGEN 2011 |
||
| 100 | 1 | _aGenç, Ahmed İhsan, | |
| 245 | 1 | 0 |
_aVicdanımdan nefsime mesajlar / _cAhmed İhsan Genç |
| 260 |
_aİstanbul : _bScala Yayıncılık, _c2011 |
||
| 300 |
_a167 sayfa ; _c20 cm |
||
| 650 | 0 | 0 | _aDin, İslam |
| 942 |
_2ddc _cBK |
||
| 999 |
_c9174 _d9174 |
||
| 900 | _bGizem YORULMAZ | ||